Colleges of NY Jets Players - Statistics

General Stats
  • This quiz has been taken 21 times
  • The average score is 26 of 65
Answer Stats
Hint Answer % Correct
C.J. Mosley Alabama
83%
Quinnien Williams Alabama
83%
Ashtyn Davis California
83%
Aaron Rodgerrs California
83%
Sauce Gardner Cincinnati
83%
Jeremy Ruckert Ohio State
83%
Garrett Wilson Ohio State
83%
Breece Hall Iowa State
72%
Allen Lazard Iowa State
72%
Will McDonald IV Iowa State
72%
Jermaine Johnson Florida State
67%
Jordan Travis Florida State
67%
Braiden McGregor Michigan
67%
Jake Hanson Oregon
61%
Israel Abanikanda Pittsburgh
61%
Carter Warren Pittsburgh
61%
Tyron Smith USC
61%
Alijah Vera-Tucker USC
61%
Braelon Allen Wisconsin
61%
Joe Tippman Wisconsin
61%
Davante Adams Fresno State
56%
Olu Fashanu Penn State
56%
Leonard Taylor Miami
50%
Michael Clemons Texas A&M
50%
Morgan Moses Virginia
50%
Jamien Sherwood Auburn
44%
John Simpson Clemson
44%
Jarrick Bernard-Converse LSU
44%
Jalen Mills LSU
44%
Sam Eguavoen Texas Tech
44%
Javon Kinlaw South Carolina
39%
Solomon Thomas Stanford
39%
Chuck Clark Virginia Tech
39%
Tyrod Taylor Virginia Tech
39%
Kenny Yeboah Ole Miss
33%
Haason Reddick Temple
33%
Leki Fotu Utah
33%
Michael Carter II Duke
28%
Thomas Hennessy Duke
28%
D.J. Reed Kansas State
28%
Marcelino McCrary-Ball Indiana
22%
Irvin Charles Indiana (Pennsylvania)
22%
Brandin Echols Kentucky
22%
Chazz Surratt North Carolina
22%
Thomas Morstead SMU
22%
Zaire Barnes Western Michigan
22%
Xavier Newman Baylor
17%
Tyler Conklin Central Michigan
17%
Isaiah Oliver Colorado
17%
Tony Adams Illinois
17%
Isaiah Davis South Dakota State
17%
Malachi Corley Western Kentucky
17%
Jimmy Ciarlo Army
11%
Alec Lindstrom Boston College
11%
Max Mitchell Louisiana
11%
Connor McGovern Missouri
11%
Eric Watts UConn
11%
Quincy Williams Murray State
6%
Wes Schweitzer San Jose State
6%
Bruce Hector South Florida
6%
Malik Taylor Ferris State
0%
Marcus Riley Florida A&M
0%
Greg Zuerlein Missouri Western
0%
Xavier Gipson Stephen F. Austin
0%
Qwan'tez Stiggers Toronto Argonauts
0%
No matching quizzes found
Score Distribution
Percent of People with Each Score
Percentile by Number Answered
Your Score History
You have not taken this quiz